| 000 | 00502cam a22001811 4500 | ||
|---|---|---|---|
| 999 |
_c530803 _d530803 |
||
| 001 | 14064223 | ||
| 005 | 20191014180441.0 | ||
| 008 | 050804s1958 enka 000 0 eng | ||
| 010 | _a 60030287 | ||
| 040 |
_aDLC _cDLC _dDLC |
||
| 082 |
_a823.912 _bCHR |
||
| 100 | 1 |
_aChristie, Agatha, _d1890-1976. _92976 |
|
| 245 | 1 | 4 |
_aThe unexpected guest; _ba play in two acts. |
| 260 |
_aLondon, _bFrench _c[c1958] |
||
| 300 |
_a74 p. _billus. _c22 cm. |
||
| 490 | 0 | _aFrench's acting edition | |
| 942 |
_2ddc _cBK |
||